000 00978cam a2200277 a 4500
001 000011785
005 20200929162550.0
008 850417s1986 cu b 001 0 spa
040 _aDO-SdBNP
_bspa
_cDLC
_dBNPHU
082 _a410
_bF475d
100 1 _aFigueroa Esteva, Max,
_d1942-
_927880
245 1 3 _aLa dimensión lingüística del hombre :
_bproblemas de historia y actualidad /
_cMax Figueroa Esteva ; edición Angel L. Fernández Guerra.
260 _aLa Habana, Cuba :
_bEditorial Ciencias Sociales,
_c1986.
300 _a261 p. ;
_c18 cm.
490 1 _aLingüística
586 _aPremio de la crítica 1988
504 _aIncluye referencias bibliográficas
504 _aIncluye índice
650 4 _aAnalogía lingüistica
_927881
650 4 _aLenguaje y lenguas
_9407
650 4 _aLenguaje
_xHistoria
_927882
700 1 _aFernández Guerra, Angel L.,
_eed.
_927883
830 0 _aLingüística
_916423
910 _aCatalogación derivada
049 _aBNGR
999 _c11459
_d11459